Comparison of corn feed at kohthom district, kandal province; ប្រៀបធៀបពូជពោតក្រហមចំណីសត្វនៅស្រុកកោះធំ ខេត្តកណ្តាល (Record no. 10519)
[ view plain ]
| 000 -LEADER | |
|---|---|
| fixed length control field | 00609nam a22001577a 4500 |
| 003 - CONTROL NUMBER IDENTIFIER | |
| control field | OSt |
| 005 - DATE AND TIME OF LATEST TRANSACTION | |
| control field | 20161026134354.0 |
| 008 - FIXED-LENGTH DATA ELEMENTS--GENERAL INFORMATION | |
| fixed length control field | 161026b xxu||||| |||| 00| 0 eng d |
| 040 ## - CATALOGING SOURCE | |
| Transcribing agency | RUA |
| 082 ## - DEWEY DECIMAL CLASSIFICATION NUMBER | |
| Classification number | AGR TRY 2015 B516 Or.1 |
| 100 ## - MAIN ENTRY--PERSONAL NAME | |
| 9 (RLIN) | 10929 |
| Personal name | TRY LEANGHOU; ទ្រី លាងហ៊ |
| 245 ## - TITLE STATEMENT | |
| Title | Comparison of corn feed at kohthom district, kandal province; ប្រៀបធៀបពូជពោតក្រហមចំណីសត្វនៅស្រុកកោះធំ ខេត្តកណ្តាល |
| 260 ## - PUBLICATION, DISTRIBUTION, ETC. (IMPRINT) | |
| Place of publication, distribution, etc. | Phnom Penh |
| Name of publisher, distributor, etc. | RUA |
| Date of publication, distribution, etc. | 2015 |
| 300 ## - PHYSICAL DESCRIPTION | |
| Extent | xi; 49p; |
| Other physical details | ill; |
| Dimensions | 29cm; |
| 942 ## - ADDED ENTRY ELEMENTS (KOHA) | |
| Source of classification or shelving scheme | |
| Koha item type | AGR |
| Price effective from | Date last seen | Permanent Location | Not for loan | Date acquired | Source of classification or shelving scheme | Koha item type | Lost status | Withdrawn status | Date last checked out | Total Checkouts | Shelving location | Damaged status | Barcode | Checked out | Current Location | Full call number |
|---|---|---|---|---|---|---|---|---|---|---|---|---|---|---|---|---|
| 2016-10-26 | 2016-10-26 | Library Block B | 2016-10-26 | AGR | B516 | A02066 | Library Block B | AGR TRY 2015 B516 Or.1 | ||||||||
| 2016-10-26 | 2024-05-08 | Library Block B | 2016-10-26 | AGR | 2024-04-25 | 2 | B516 | A01738 | Library Block B | AGR TRY 2015 B516 Or.2 | ||||||
| 2016-10-26 | 2016-10-26 | Library Block B | 2016-10-26 | AGR | B516 | A02521 | Library Block B | AGR TRY 2015 B516 Or.3 | ||||||||
| 2016-10-26 | 2016-10-26 | Library Block B | 2016-10-26 | AGR | B516 | A02446 | Library Block B | AGR TRY 2015 B516 Or.4 | ||||||||
| 2016-10-26 | 2023-11-10 | Library Block B | 2016-10-26 | AGR | 2023-10-24 | 2 | B516 | A02141 | Library Block B | AGR TRY 2015 B516 Or.5 | ||||||
| 2016-10-26 | 2016-10-26 | Library Block B | 2016-10-26 | AGR | B516 | A01754 | Library Block B | AGR TRY 2015 B516 Or.6 | ||||||||
| 2016-10-26 | 2024-05-08 | Library Block B | 2016-10-26 | AGR | 2024-04-25 | 4 | B516 | A02262 | Library Block B | AGR TRY 2015 B516 Or.7 | ||||||
| 2016-10-26 | 2016-10-26 | Library Block B | 2016-10-26 | AGR | B516 | A01521 | Library Block B | AGR TRY 2015 B516 Or.8 | ||||||||
| 2021-09-28 | 2021-09-28 | Library Block B | 2021-09-28 | AGR | B691 | a066125 | Library Block B | AGR TRY 2015 B691 Or.1 | ||||||||
| 2021-09-28 | 2026-06-19 | Library Block B | 2021-09-28 | AGR | 2026-06-19 | 5 | B691 | A066185 | 2026-07-24 | Library Block D | AGR TRY 2015 B691 Or.1 |